| 000 | 00781nam a2200229 a 4500 | ||
|---|---|---|---|
| 003 | MX-MxUPN | ||
| 005 | 20221015063733.0 | ||
| 008 | 200130q1984 mx r 000 0 spa d | ||
| 035 | _aUPN01000235215 | ||
| 040 |
_aMX-MxUPN _bspa _cMX-MxUPN |
||
| 041 | 0 | _aspa | |
| 050 | 1 | 4 |
_aQ180 M6 _bS63 |
| 100 | 1 |
_aSoberón Acevedo, Guillermo _929460 |
|
| 245 | 1 | 0 | _aAlgunas preguntas en torno a la investigación científica universitaria |
| 260 |
_aMéxico : _bUniversiad Nacional Autónoma de México, Coordinación de Humanidades, Centro de Estudios Sobre la Universidad, _c[1984]. |
||
| 300 | _a32 páginas | ||
| 490 | 0 |
_aPensamiento universitario ; _v44 |
|
| 650 | 7 |
_aInvestigación _zMéxico _2 _98077 |
|
| 902 | _aVíctor Ruiz/141022 | ||
| 942 |
_2lcc _cFOLL |
||
| 999 |
_c207310 _d207310 |
||